| 000 | 00696cam a22002294a 4500 | ||
|---|---|---|---|
| 001 | 15480848 | ||
| 005 | 20180122040957.0 | ||
| 008 | 081008s2008 mnu b 000 0 eng | ||
| 010 | _a 2008277681 | ||
| 020 | _a9780314194008 (pbk. : alk. paper) | ||
| 040 |
_aDLC _cDLC |
||
| 041 | _aeng | ||
| 080 | _a34 SPE | ||
| 082 | _a34 SPE | ||
| 100 | 1 | _a14 | |
| 101 | _aJUR | ||
| 245 | 1 | 0 |
_aAcing civil procedure : _cA. Benjamin Spencer. |
| 504 | _aIncludes bibliographical references. | ||
| 906 |
_a7 _bcbc _corigcop _d2 _encip _f20 _gy-gencatlg |
||
| 942 |
_2ddc _cBK |
||
| 999 |
_c40640 _d40640 |
||